000 00714nam a2200229 u 4500
001 000057262
005 20200120223513.0
008 130626s2005 ck gr 000 0 spa d
020 _a9789583013546
041 0 _aspa
043 _as-ck---
082 0 4 _a923.143
_bR29
_221
100 1 _aReyes, Carlos José
245 1 0 _aCarlos V :
_bdueño del mundo /
_cCarlos José Reyes.
250 _a1a ed.
260 _aBogotá :
_bPanamericana,
_c2005.
300 _a170 p.
490 0 _a100 personajes.
_pAutores.
600 1 4 _aCarlos V, Emperador de Alemania, 1500-1558.
_vCrítica e interpretación
651 4 _aEuropa -- Historia -- Siglo XVI.
600 1 4 _aCarlos V, Emperador de Alemania, 1500-1558.
_vBiografías
999 _c6556
_d6556